Roman Catholic Dioceses and Archdioceses of Brazil - Statistics

General Stats
  • This quiz has been taken 42 times
  • The average score is 55 of 270
Answer Stats
Answer % Correct
Campo Limpo
96%
Rio de Janeiro
96%
Santo Amaro
96%
São Miguel Paulista
96%
São Paulo
96%
Belém
71%
Belo Horizonte
71%
Manaus
71%
Salvador
71%
Brasília
64%
Olinda | Recife
61%
Porto Alegre
61%
Campinas
57%
Fortaleza
57%
Natal
57%
Curitiba
54%
Santos
50%
São Luís
50%
São Luís de Montes Belos
50%
Campos dos Goytacazes
46%
Goiânia
46%
Rio Grande
46%
Santa Maria
46%
Aracajú
43%
Floriano
43%
Joinville
43%
Rio Branco
43%
Vitória
43%
Cuiabá
39%
Duque de Caxias
39%
Florianópolis
39%
João Pessoa
39%
Maceió
39%
Palmas
39%
Palmas | Francisco Beltrão
39%
Roraima
39%
Sorocaba
39%
Teresina
39%
Aparecida
36%
Campo Grande
36%
Caxias
36%
Chapecó
36%
Pelotas
36%
Ribeirão Preto
36%
Uberlândia
36%
Bauru
32%
Cascavel
32%
Guarulhos
32%
Londrina
32%
Santarém
32%
São Carlos
32%
Goiás
29%
Ilhéus
29%
Juazeiro
29%
Marabá
29%
Maringá
29%
Mogi das Cruzes
29%
Niterói
29%
Novo Hamburgo
29%
Paranaguá
29%
Petrolina
29%
Petrópolis
29%
Ponta Grossa
29%
Porto Velho
29%
Santo André
29%
São José dos Campos
29%
Anápolis
25%
Bagé
25%
Barretos
25%
Blumenau
25%
Campina Grande
25%
Caxias do Sul
25%
Criciúma
25%
Feira de Santana
25%
Foz do Iguaçú
25%
Franca
25%
Imperatriz
25%
Jundiaí
25%
Limeira
25%
Lorena
25%
Montes Claros
25%
Nova Iguaçú
25%
Osasco
25%
Parnaíba
25%
Piracicaba
25%
Presidente Prudente
25%
São José do Rio Preto
25%
Tubarão
25%
Uberaba
25%
Barreiras
21%
Caruaru
21%
Guarapuava
21%
Juíz de Fora
21%
Lages
21%
Macapá
21%
Marília
21%
Mossoró
21%
Ourinhos
21%
Patos
21%
Rondonópolis | Guiratinga
21%
Taubaté
21%
Xingu | Altamira
21%
Araçatuba
18%
Assis
18%
Balsas
18%
Botucatu
18%
Bragança
18%
Cachoeiro de Itapemirim
18%
Caraguatatuba
18%
Colatina
18%
Corumbá
18%
Crato
18%
Diamantina
18%
Irecê
18%
Itabuna
18%
Itapetininga
18%
Luz
18%
Luziânia
18%
Mariana
18%
Parintins
18%
Passo Fundo
18%
Paulo Afonso
18%
São José dos Pinhais
18%
São Mateus
18%
Sinop
18%
Sobral
18%
Teixeira de Freitas | Caravelas
18%
Toledo
18%
Uruguaiana
18%
Vacaria
18%
Barra
14%
Barra do Garças
14%
Barra do Piraí | Volta Redonda
14%
Bragança Paulista
14%
Cáceres
14%
Caicó
14%
Camaçari
14%
Castanhal
14%
Divinópolis
14%
Dourados
14%
Erechim
14%
Garanhuns
14%
Governador Valadares
14%
Itapeva
14%
Ituiutaba
14%
Itumbiara
14%
Ji-Paraná
14%
Nova Friburgo
14%
Paranavaí
14%
Patos de Minas
14%
Penedo
14%
Porto Nacional
14%
Pouso Alegre
14%
Primavera do Leste | Paranatinga
14%
Registro
14%
São Félix do Araguaia
14%
São Gabriel da Cachoeira
14%
São João del Rei
14%
Tefé
14%
Três Lagoas
14%
Valença
14%
Vitória da Conquista
14%
Abaetetuba
11%
Alagoinhas
11%
Alto Solimões
11%
Bom Jesus
11%
Bom Jesus da Lapa
11%
Caçador
11%
Caetité
11%
Catanduva
11%
Cornélio Procópio
11%
Cruzeiro do Sul
11%
Estância
11%
Eunápolis
11%
Formosa
11%
Frederico Westphalen
11%
Humaitá
11%
Itacoatiara
11%
Jales
11%
Jequié
11%
Osório
11%
Rio do Sul
11%
Salgueiro
11%
Santa Cruz do Sul
11%
Santo Ângelo
11%
Teófilo Otoni
11%
Tocantinópolis
11%
Umuarama
11%
Apucarana
7%
Bacabal
7%
Cachoeira do Sul
7%
Campo Mourão
7%
Caratinga
7%
Coari
7%
Cratéus
7%
Cristalândia
7%
Cruz Alta
7%
Diamantino
7%
Floresta
7%
Guajará-Mirim
7%
Guaxupé
7%
Iguatu
7%
Itabira | Coronel Fabriciano
7%
Itaguaí
7%
Itaituba
7%
Itapipoca
7%
Jaboticabal
7%
Janaúba
7%
Jardim
7%
Jataí
7%
Joaçaba
7%
Leopoldina
7%
Lins
7%
Livramento de Nossa Senhora
7%
Marajó
7%
Miracema do Tocantins
7%
Naviraí
7%
Oeiras
7%
Palmeira dos Índios
7%
Picos
7%
Propriá
7%
Quixadá
7%
São Raimundo Nonato
7%
Sete Lagoas
7%
União da Vitória
7%
Viana
7%
Votuporanga
7%
Almenara
4%
Alto Xingu | Tucumã
4%
Amparo
4%
Araçuaí
4%
Cajazeiras
4%
Cametá
4%
Campanha
4%
Campo Maior
4%
Coxim
4%
Cruz das Almas
4%
Guanhães
4%
Guarabira
4%
Ipameri
4%
Januária
4%
Juína
4%
Limoeiro do Norte
4%
Montenegro
4%
Nazaré
4%
Oliveira
4%
Palmares
4%
Paracatu
4%
Pesqueira
4%
São João da Boa Vista
4%
Serrinha
4%
Tianguá
4%
Uruaçu
4%
Zé Doca
4%
Afogados da Ingazeira
0%
Amargosa
0%
Bonfim
0%
Borba
0%
Brejo
0%
Carolina
0%
Conceição do Araguaia
0%
Coroatá
0%
Grajaú
0%
Jacarézinho
0%
Lábrea
0%
Óbidos
0%
Pinheiro
0%
Ponta de Pedras
0%
Rubiataba | Mozarlândia
0%
Ruy Barbosa
0%
No matching quizzes found
Score Distribution
Percent of People with Each Score
Percentile by Number Answered
Your Score History
You have not taken this quiz